Personnel/ Human Resource Management (Record no. 921)
[ view plain ]
| 000 -LEADER | |
|---|---|
| fixed length control field | 02342cam a22002174a 4500 |
| 005 - ΗΜΕΡΟΜΗΝΙΑ ΚΑΙ ΩΡΑ ΤΕΛΕΥΤΑΙΑΣ ΕΝΗΜΕΡΩΣΗΣ | |
| Πεδίο ελέγχου | 20250605163949.0 |
| 008 - FIXED-LENGTH DATA ELEMENTS--GENERAL INFORMATION | |
| Πεδίο ελέγχου σταθερού μήκους | 250528s ||||||||||||||||||||||||d |
| 035 ## - SYSTEM CONTROL NUMBER | |
| System control number | 15331 |
| 020 ## - ISBN | |
| ISBN | 29462894 |
| 040 ## - ΠΗΓΗ ΚΑΤΑΛΟΓΟΓΡΑΦΗΣΗΣ | |
| Φορέας πρωτότυπης καταλογογράφησης | MC Athens Campus Library |
| Γλώσσα καταλογογράφησης | Ελληνικά, Μοντέρνα (1453-) |
| Modifying agency | MC Athens Campus Library |
| Κανόνες περιγραφικής καταλογογράφησης | AACR2 |
| 245 1# - ΤΙΤΛΟΣ ΚΑΙ ΔΗΛΩΣΗ ΥΠΕΥΘΥΝΟΤΗΤΑΣ | |
| Τίτλος | Personnel/ Human Resource Management |
| 260 ## - PUBLICATION, DISTRIBUTION, ETC. | |
| Name of publisher, distributor, etc. | Macmillan Publishing Company, |
| Date of publication, distribution, etc. | 1990 |
| 300 ## - PHYSICAL DESCRIPTION | |
| Extent | 730 |
| 505 0# - FORMATTED CONTENTS NOTE | |
| Formatted contents note | An Introduction to Personnel/ Human Resource Management, Labour Force Issues: Composition and Trends and Equal Employment Opportunity, Equal Employment Opportunity Laws and Applications, Personnel Planning and Staffing, Job Analysis and Design, Personnel Planning, Recruitment, Employee Selection, Developing and Compensating Employees, Employee Training and Development Chapter Ouline, Performance Appraisal, The Foundations of Compensation Management, Establishing and Administering the Compensation Program, Employee Benefit Programs, Employee Well-Being and Job Security, Defining Employee and Organizational Rights, Employee Health and Safety and Well-Being, Collective Bargaining, Labour Unions and Public Policy, Negotiation and Administration of the Collective Bargaining Agreement, Personnel and Human Resource Management: Organizational Strategy and Ethical Concerns and Future Developments, Index. |
| 520 ## - SUMMARY, ETC. | |
| Summary, etc. | An Introduction to Personnel/ Human Resource Management, Labour Force Issues: Composition and Trends and Equal Employment Opportunity, Equal Employment Opportunity Laws and Applications, Personnel Planning and Staffing, Job Analysis and Design, Personnel Planning, Recruitment, Employee Selection, Developing and Compensating Employees, Employee Training and Development Chapter Ouline, Performance Appraisal, The Foundations of Compensation Management, Establishing and Administering the Compensation Program, Employee Benefit Programs, Employee Well-Being and Job Security, Defining Employee and Organizational Rights, Employee Health and Safety and Well-Being, Collective Bargaining, Labour Unions and Public Policy, Negotiation and Administration of the Collective Bargaining Agreement, Personnel and Human Resource Management: Organizational Strategy and Ethical Concerns and Future Developments, Index. |
| 700 1# - ΠΡΟΣΘΕΤΗ ΑΝΑΓΡΑΦΗ--ΦΥΣΙΚΟ ΠΡΟΣΩΠΟ | |
| Personal name | Crino D. Michael |
| 9 (RLIN) | 1227 |
| 700 1# - ΠΡΟΣΘΕΤΗ ΑΝΑΓΡΑΦΗ--ΦΥΣΙΚΟ ΠΡΟΣΩΠΟ | |
| Personal name | Leap L. Terry |
| 9 (RLIN) | 1228 |
| 942 ## - ADDED ENTRY ELEMENTS (KOHA) | |
| Koha item type | Books |
| Τύπος τεκμηρίου | Βιβλιοθήκη | Τρέχουσα τοποθεσία | Barcode | Αριθμός εισαγωγής | Ημερομηνία απόκτησης | Ταξιθετικό σύμβολο | Αριθμός αντιτύπου | Κατάσταση απόσυρσης | Κατάσταση χαμένου | Κατάσταση κατεστραμμένου | Μη δανεισμός | Σύνολο δανεισμών | Ημερομηνία τελευταίας εμφάνισης | Η τιμή ισχύει από |
|---|---|---|---|---|---|---|---|---|---|---|---|---|---|---|
| Books | MC Athens Campus Library | MC Athens Campus Library | 9780000009203 | 1579 | 05/06/2025 | 658.3 LEA | 1 | 05/06/2025 | 05/06/2025 |